[Event "Sparkassen-Open A"]
[Site "Heusenstamm, Martinsee"]
[Date "2019.11.24"]
[Round "7.110"]
[White "Hartmann, Egon"]
[Black "Goetz, Fenja"]
[Result "1/2-1/2"]
[WhiteElo "1694"]
[BlackElo "1490"]
[PlyCount "68"]
[EventDate "2019.??.??"]
[WhiteTeam "SF Forst"]
[BlackTeam "SK Bad Homburg"]

1. d4 d5 2. c4 dxc4 3. Qa4+ Nc6 4. Nf3 Nf6 5. Qxc4 Bf5 6. g3 e6 7. Bg2 Nd5 8.
a3 Bd6 9. O-O O-O 10. Nc3 Nb6 11. Qb3 Qd7 12. e4 Bg4 13. Be3 Rad8 14. Rad1 Rfe8
15. Qc2 Nc4 16. Rfe1 Nxe3 17. Rxe3 Qc8 18. b4 e5 19. d5 Nd4 20. Qd2 c6 21. Rb1
Bxf3 22. Bxf3 Be7 23. Rd3 Qh3 24. Bg2 Qg4 25. h3 Qh5 26. g4 Qg6 27. Ne2 Bg5 28.
Qa2 cxd5 29. Nxd4 exd4 30. Rxd4 dxe4 31. Rxd8 Rxd8 32. Re1 b6 33. Bxe4 Qf6 34.
Re2 g6 1/2-1/2

[Event "Sparkassen-Open A"]
[Site "Heusenstamm, Martinsee"]
[Date "2019.11.24"]
[Round "7.111"]
[White "Albert, Ingo"]
[Black "Burkart, Lloyd Shang"]
[Result "0-1"]
[WhiteElo "1840"]
[BlackElo "1399"]
[PlyCount "64"]
[EventDate "2019.??.??"]
[WhiteTeam "vereinslos/Wiesbaden"]
[BlackTeam "TuS Makkabi"]

1. f3 d5 2. Kf2 c5 3. e3 Nf6 4. b3 g6 5. Bb5+ Bd7 6. Bxd7+ Nbxd7 7. Bb2 Bg7 8.
Qc1 Rc8 9. Ne2 Qc7 10. c4 Nb6 11. Ng3 O-O 12. Na3 a6 13. Re1 Rfd8 14. d3 dxc4
15. dxc4 Rd3 16. Nc2 Rcd8 17. Nf1 Qd7 18. e4 e6 19. Nce3 Qe7 20. Qc2 Nh5 21.
Bxg7 Nxg7 22. Nd5 Rxf3+ 23. gxf3 exd5 24. cxd5 Qh4+ 25. Kg1 Nd7 26. Qf2 Qg5+
27. Kh1 Nh5 28. Ng3 Nf4 29. Qe3 Qe5 30. Rg1 Nh3 31. Rg2 Nf4 32. Rgg1 Nh3 0-1